| 000 | 00732nam a22002177a 4500 | ||
|---|---|---|---|
| 999 |
_c15866 _d15866 |
||
| 003 | MIRAKIL | ||
| 005 | 20240402141840.0 | ||
| 008 | 240402b tu ||||| |||| 00| 0 tur d | ||
| 020 | _a9789751752666 | ||
| 040 |
_aTR-AnCHP _cTR-AnCHP |
||
| 041 | _atur | ||
| 082 |
_a891.51 _bÇ34r 2022 |
||
| 100 | _aAşık Çelebi | ||
| 245 | 1 | 0 |
_aRavzatü’ş-şüheda tercümesi: _b(inceleme-metin)/ _cAşık Çelebi ; hazırlayan : Kenan Özçelik. |
| 260 |
_aAnkara: _bTürk Dil Kurumu Yayınları, _c2022. |
||
| 300 |
_a470 s. _c24 cm. |
||
| 490 | 0 |
_aTürk Dil Kurumu Yayınları _v1490. |
|
| 650 | 0 |
_919 _aTürk edebiyatı |
|
| 856 | _zDijital Nüshası için Partimizin Kütüphane Sorumlusu ile iletişime geçiniz. | ||
| 942 |
_2ddc _cBKS |
||